Follow That Line: Willow Rosenberg Quiz Stats

 Plays Quiz not verified by Sporcle

Challenge
Share
Tweet
Embed
Score 0/22 Timer 15:00
0 Plays Today
% Correct
Just call me the computer whisperer.
97.7%
Well, did you try looking inside the sofa IN HELL?!
97.3%
Maybe because they met her? Did I just say that?
96.9%
It's extra flamey.
96.7%
The hell with Giles!
96.3%
Execpt thinner and younger and female and, well, Jewish.
95.9%
Exactly. Did we not put the 'grrr' in 'girl'?
94.8%
Magic.
94.8%
You couldn't have figured that out in tenth grade?
94%
Fewer and further between, but...yep, they're still exercising their visitation rights.
93.6%
Oh yeah?! Well... so's your face.
92.8%
% Correct
I think we've just put our finger on why we're the sidekicks.
92.8%
No. But maybe you start to feel really bad about leaving them there.
91.7%
It's addictive, you know.
90.5%
See what I did there?
90.1%
Yeah. Not parades and cotton candy, but okay.
87.2%
Occasionally, I am callous and strange.
86.4%
Well, so am I. Why should I miss out?
85.8%
It's like little clown cars in the circus.
84.1%
I'd be shocked.
78.1%
Would I be a terrible person if I said yes?
76.7%
Right, right. Wrong -- different brains.
76.7%

You're not logged in!

Compare scores with friends on all Sporcle quizzes.
Join for Free
OR
Log In

You Might Also Like...

Show Comments

Extras

Top Quizzes Today


Score Distribution

Your Account Isn't Verified!

In order to create a playlist on Sporcle, you need to verify the email address you used during registration. Go to your Sporcle Settings to finish the process.

Report this User

Report this user for behavior that violates our Community Guidelines.

Details: